000 01204cab a2200289 4500
001 WB3104-31
008 090401t1995 xxu||||| |||| 00| 0 eng d
035 _a(Sirsi) u75155
041 _aeng
245 _aGreen belt
260 _c1995
350 _a0
490 _aEstates Gazette Case Summaries
_v(1995) EGCS 2(1) (21/1/95)
520 _a"Houghton v SoS Environment and another" QBD 12 January 1995. An application for planning permission for a garden, private tennis court and pavilion in metropolitan green belt was refused, but challenged on the construction of `outdoor sport` listed as an exception in the planning guidance. "Held" that though `outdoor sport` was not limited to public sport, the inspector`s error was not a material consideration. Appeal dismissed.
650 _aGREEN BELT
650 _aHOUGHTON V SOS ENVIRONMENT AND ANOTHER
650 _aOUTDOOR SPORT
650 _aPEHRSSON V SOS ENVIRONMENT
650 _aPLANNING PERMISSION
650 _aPLANNING POLICY GUIDANCE NOTE 2 (GREEN BELTS)
650 _aPUBLIC SPORT
650 _aREFUSAL
650 _aTENNIS COURTS
690 _aPLANNING LAW AND PRACTICE-CASE LAW
942 _n0
948 _c04/03/1997
999 _c47349
_d47349